| 000 | 00635cam a2200229 4500500 | ||
|---|---|---|---|
| 005 | 20260329004511.0 | ||
| 041 | _afre | ||
| 042 | _adc | ||
| 100 | 1 | 0 |
_aPortevin, Catherine _eauthor |
| 245 | 0 | 0 | _aLe Rêve du chien sauvage |
| 260 | _c2020. | ||
| 500 | _a45 | ||
| 690 | _aAnimal | ||
| 690 | _aAustralie | ||
| 690 | _aDeborah Bird Rose | ||
| 690 | _aDingo | ||
| 690 | _aGénocide | ||
| 690 | _aHumain | ||
| 690 | _aVivant | ||
| 786 | 0 | _nPhilosophie magazine | 137 | 3 | 2020-03-01 | p. 45-47 | 1951-1787 | |
| 856 | 4 | 1 | _uhttps://shs.cairn.info/magazine-philosophie-magazine-2020-3-page-45?lang=fr&redirect-ssocas=7080 |
| 999 |
_c1834509 _d1834509 |
||